01012nam a2200289 i 450000100060000000300090000600500170001500700030003200800410003502000180007604000220009408000100011608000140012610000290014024501050016926000570027430000210033149000240035249000310037665000310040765000410043883000320047983000390051185200330055099900170058395201220060066412ES-MaACL20230906165630.0t|030822s2002 sp ||||0| spa d a84-7774-760-1 aM-BN bspa cM-BN a1"19" a130.2"19"1 aMuñoz, Jacobo.913782410aFiguras del desasosiego moderno b: encrucijadas filosóficas de nuestro tiempo / cJacobo Muñoz. aBoadilla del Monte (Madrid) : bA. Machado, c[2002] a480 p ; c23 cm.1 aMínimo tránsito1 aTeoría y crítica ; v714aFilosofía-yS.XX.912826 aCivilización-xFilosofía.9110810 aMínimo tránsito91830280 aTeoría y crítica ; v79125013 aES-MaACLjL-26923 bR.132532 c66412d66412 00104070aATENEOMbATENEOMcDEPO2d2008-01-17eSCl0oL-26923p1069574r2023-02-23 00:00:00w2023-02-23yMONOGRAFIA